[Event "TUR-chT Superleague 2018"]
[Site "Ankara"]
[Date "2018.08.02"]
[Round "9"]
[White "Uysal, Burak"]
[Black "Soysal, Serkan"]
[Result "1/2-1/2"]
[WhiteElo "2187"]
[BlackElo "2402"]
[Annotator "ChessBase"]
[PlyCount "182"]
[EventDate "2018.07.25"]
[EventType "team-tourn"]
[EventCountry "TUR"]
[SourceTitle "playchess.com"]
[Source "ChessBase"]
[SourceQuality "1"]
[TimeControl "40/5400+30:1800+30"]

1. e4 {[%emt 0:00:30]} d6 {[%emt 0:00:30]} 2. d4 {[%emt 0:00:30]} g6 {[%emt 0:00:30]} 3. Nf3 {[%emt 0:00:30]} Bg7 {[%emt 0:00:30]} 4. Bc4 {[%emt 0:00:00]} Nf6 {[%emt 0:00:30]} 5. Qe2 {[%emt 0:00:00]} O-O {[%emt 0:08:30]} 6. e5 {[%emt 0:00:00]} dxe5 {[%emt 0:05:30]} 7. dxe5 {[%emt 0:00:00]} Nd5 {[%emt 0:00:30]} 8. O-O {[%emt 0:00:30]} Bg4 {[%emt 0:06:30]} 9. Nbd2 {[%emt 0:16:30]} Nb6 {[%emt 0:02:30]} 10. Bd3 {[%emt 0:00:30]} Nc6 {[%emt 0:00:30]} 11. h3 {[%emt 0:01:30]} Nd4 {[%emt 0:12:30]} 12. Qe4 {[%emt 0:00:00]} Nxf3+ {[%emt 0:00:30]} 13. Nxf3 {[%emt 0:00:00]} Bxf3 {[%emt 0:04:30]} 14. Qxf3 {[%emt 0:00:30]} Bxe5 {[%emt 0:06:30]} 15. Qxb7 {[%emt 0:02:30]} Qd5 {[%emt 0:00:30]} 16. Qxd5 {[%emt 0:05:30]} Nxd5 {[%emt 0:00:30]} 17. Re1 {[%emt 0:03:30]} Bf6 {[%emt 0:00:30]} 18. Be4 {[%emt 0:05:30]} Rad8 {[%emt 0:03:30]} 19. Bh6 {[%emt 0:20:30]} Bxb2 {[%emt 0:16:30]} 20. Bxf8 {[%emt 0:01:30]} Bxa1 {[%emt 0:01:30]} 21. Rxa1 {[%emt 0:01:30]} Nc3 {[%emt 0:02:30]} 22. Bxe7 {[%emt 0:00:30]} Re8 {[%emt 0:00:30]} 23. Bc5 {[%emt 0:05:30]} Rxe4 {[%emt 0:00:30]} 24. Bxa7 {[%emt 0:05:30]} Ra4 {[%emt 0:03:30]} 25. Be3 {[%emt 0:01:30]} Nxa2 {[%emt 0:11:04]} 26. Kf1 {[%emt 0:09:11]} f6 {[%emt 0:04:49]} 27. Bd2 {[%emt 0:04:51]} Kf7 {[%emt 0:01:19]} 28. Rb1 {[%emt 0:00:41]} Rc4 {[%emt 0:01:00]} 29. Rb2 {[%emt 0:02:29]} Nc3 {[%emt 0:00:05]} 30. Bxc3 {[%emt 0:00:59]} Rxc3 {[%emt 0:00:38]} 31. Ke2 {[%emt 0:00:05]} h5 {[%emt 0:01:59]} 32. Kd2 {[%emt 0:00:44]} Rc5 {[%emt 0:00:10]} 33. h4 {[%emt 0:06:55]} g5 {[%emt 0:00:59]} 34. hxg5 {[%emt 0:02:35]} fxg5 {[%emt 0:00:30]} 35. Rb8 {[%emt 0:00:00]} Kg6 {[%emt 0:02:17]} 36. Rg8+ {[%emt 0:01:06]} Kf5 {[%emt 0:00:02]} 37. Rh8 {[%emt 0:01:05]} h4 {[%emt 0:00:23]} 38. Kd3 {[%emt 0:01:05]} Rd5+ {[%emt 0:00:21]} 39. Ke2 {[%emt 0:00:59]} Re5+ {[%emt 0:00:09]} 40. Kd2 {[%emt 0:00:00]} Rd5+ {[%emt 0:00:00]} 41. Ke2 {[%emt 0:02:15]} Ke4 {[%emt 0:11:45]} 42. Rh7 {[%emt 0:06:30]} c5 {[%emt 0:01:30]} 43. g3 {[%emt 0:01:30]} hxg3 {[%emt 0:00:30]} 44. fxg3 {[%emt 0:00:30]} Kd4 {[%emt 0:04:59]} 45. Kf3 {[%emt 0:04:30]} Kc3 {[%emt 0:00:24]} 46. Ke4 {[%emt 0:00:44]} Rd4+ {[%emt 0:02:16]} 47. Ke3 {[%emt 0:00:16]} Kxc2 {[%emt 0:01:22]} 48. Rc7 {[%emt 0:01:14]} Rc4 {[%emt 0:00:03]} 49. Rc8 {[%emt 0:05:48]} g4 {[%emt 0:06:49]} 50. Rc7 {[%emt 0:02:30]} Kc3 {[%emt 0:00:05]} 51. Rc8 {[%emt 0:00:47]} Kb4 {[%emt 0:01:22]} 52. Rb8+ {[%emt 0:00:30]} Ka5 {[%emt 0:00:00]} 53. Kd3 {[%emt 0:03:16]} Rb4 {[%emt 0:00:00]} 54. Ra8+ {[%emt 0:04:19]} Kb5 {[%emt 0:00:16]} 55. Rb8+ {[%emt 0:00:30]} Ka4 {[%emt 0:00:30]} 56. Rc8 {[%emt 0:00:00]} Rd4+ {[%emt 0:00:28]} 57. Kc3 {[%emt 0:01:25]} Kb5 {[%emt 0:00:07]} 58. Rb8+ {[%emt 0:02:07]} Kc6 {[%emt 0:00:02]} 59. Rg8 {[%emt 0:00:52]} Ra4 {[%emt 0:00:48]} 60. Kb3 {[%emt 0:00:30]} Re4 {[%emt 0:00:00]} 61. Kc3 {[%emt 0:00:00]} Rd4 {[%emt 0:07:32]} 62. Rg7 {[%emt 0:00:30]} Ra4 {[%emt 0:00:39]} 63. Rg8 {[%emt 0:01:06]} Kd6 {[%emt 0:00:15]} 64. Rg6+ {[%emt 0:00:58]} Kd5 {[%emt 0:00:30]} 65. Rg5+ {[%emt 0:00:30]} Kc6 {[%emt 0:00:00]} 66. Rg8 {[%emt 0:00:00]} Re4 {[%emt 0:00:09]} 67. Rg7 {[%emt 0:00:00]} Kd6 {[%emt 0:01:08]} 68. Rg6+ {[%emt 0:00:32]} Ke5 {[%emt 0:00:01]} 69. Rg5+ {[%emt 0:00:32]} Kf6 {[%emt 0:00:30]} 70. Rxc5 {[%emt 0:00:30]} Re3+ {[%emt 0:00:00]} 71. Kd2 {[%emt 0:00:00]} Rxg3 {[%emt 0:00:00]} 72. Ke2 {[%emt 0:00:00]} Rf3 {[%emt 0:00:00]} 73. Rc1 {[%emt 0:01:33]} Kg5 {[%emt 0:00:00]} 74. Rf1 {[%emt 0:00:12]} Ra3 {[%emt 0:00:36]} 75. Kf2 {[%emt 0:00:11]} Kh4 {[%emt 0:00:06]} 76. Kg2 {[%emt 0:01:25]} Ra2+ {[%emt 0:00:06]} 77. Kg1 {[%emt 0:00:27]} Kh3 {[%emt 0:00:14]} 78. Rb1 {[%emt 0:00:12]} Re2 {[%emt 0:00:13]} 79. Ra1 {[%emt 0:01:01]} g3 {[%emt 0:01:42]} 80. Rb1 {[%emt 0:00:30]} Re3 {[%emt 0:00:00]} 81. Ra1 {[%emt 0:00:28]} Rf3 {[%emt 0:00:00]} 82. Ra8 {[%emt 0:01:04]} Rf4 {[%emt 0:00:00]} 83. Rh8+ {[%emt 0:00:57]} Kg4 {[%emt 0:00:00]} 84. Ra8 {[%emt 0:00:19]} Re4 {[%emt 0:00:00]} 85. Rg8+ {[%emt 0:00:30]} Kf3 {[%emt 0:00:07]} 86. Rf8+ {[%emt 0:00:03]} Rf4 {[%emt 0:00:12]} 87. Rxf4+ {[%emt 0:00:38]} Kxf4 {[%emt 0:00:30]} 88. Kg2 {[%emt 0:00:30]} Kg4 {[%emt 0:00:00]} 89. Kg1 {[%emt 0:00:00]} Kh3 {[%emt 0:00:03]} 90. Kh1 {[%emt 0:00:00]} g2+ {[%emt 0:00:00]} 91. Kg1 {[%emt 0:00:00]} Kg3 {[%emt 0:00:08]} 1/2-1/2

[Event "TUR-chT Superleague 2018"]
[Site "Ankara"]
[Date "2018.08.02"]
[Round "9"]
[White "Ozkan, Ervin"]
[Black "Asadli, Vugar"]
[Result "0-1"]
[WhiteElo "2168"]
[BlackElo "2482"]
[Annotator "TA"]
[PlyCount "122"]
[EventDate "2018.07.25"]
[EventType "team-tourn"]
[EventCountry "TUR"]
[SourceTitle "playchess.com"]
[Source "ChessBase"]
[SourceQuality "1"]

{[%evp 19,122,-6,12,14,25,-8,8,16,12,-6,-6,-6,-6,-10,-6,-6,-6,-11,-8,-13,-5,-12,-10,-22,0,-5,0,-18,0,-8,10,10,10,10,10,18,16,0,19,0,55,25,42,-28,-41,-50,0,0,48,58,45,52,53,49,52,53,112,97,175,164,164,147,143,149,190,199,231,175,196,112,119,113,112,96,120,98,159,0,0,0,0,0,58,64,56,0,0,0,0,0,0,0,0,0,0,-414,-448,-440,-431,-414,-409,-366,-336,-579,-578]} 1. d4 Nf6 2. Nf3 e6 3. Bf4 d5 4. e3 c5 5. c3 Nc6 6. Nbd2 Bd6 7. Bg3 O-O 8. Bd3 b6 9. Qe2 {D02: 1 d4 d5 2 Nf3 sidelines, including 2...Nf6 3 g3 and 2...Nf6 3 Bf4} (9. e4 Be7 10. e5 Nh5 11. Nf1 cxd4 12. Nxd4 Nxd4 13. cxd4 g6 14. Ne3 f5 15. exf6 Bxf6 16. Be2 Nxg3 17. hxg3 {½-½ (37) Nakamura,H (2787)-Svidler,P (2760) Moscow 2018}) 9... Bb7 10. Rd1 c4 {LiveBook: 3 Games} 11. Bc2 {The position is equal.} Ne7 $146 ({Predecessor:} 11... b5 12. a3 a5 13. a4 b4 14. e4 Be7 15. Ng5 h6 16. h4 Nd7 {1-0 (35) Gajewski,G (2615)-Jarmula,L (2473) Warsaw 2017}) 12. e4 Nxe4 13. Nxe4 dxe4 14. Bxe4 Bxe4 15. Qxe4 Nd5 16. O-O Bxg3 17. hxg3 b5 18. Ne5 Rc8 19. a3 a5 20. Rc1 Qd6 21. f4 f6 22. Nf3 {[%cal Be5f3,Bf3d2,Bd2e4,Be4c5,Bc5e6][%mdl 32]} Rc6 23. Rfe1 g6 24. Qc2 Ne7 25. Nd2 h5 26. Ne4 Qd5 27. Qe2 Kf7 28. Qf3 Nf5 29. Rc2 Nd6 (29... Rc7 $11) 30. Nc5 (30. Rce2 $5 {[%cal Re4d6]}) 30... Nf5 {White should prevent ...Qxf3.} 31. Qxd5 (31. Kh2 $14) 31... exd5 $11 32. Rce2 Rg8 33. Kf2 g5 34. fxg5 $1 Rxg5 35. Ne6 {And now Nd8+ would win.} Rg8 36. Nf4 Rxg3 37. Nxd5 Rd6 {[#]} (37... Rg4 $14) 38. Re7+ $1 $16 Kg6 (38... Nxe7 $16 {might work better.} 39. Rxe7+ Kf8 40. Kxg3 Rxd5) 39. Nf4+ $18 Kh6 40. Rb7 Rg4 41. Nh3 Ng3 42. Rxb5 f5 43. Kg1 Rdg6 44. Rbe5 ({And not} 44. Nf2 Ne2+ 45. Rxe2 Rxg2+ 46. Kh1 Rg1+ 47. Kh2 R1g2+ 48. Kh1 (48. Kh3 f4 $11) 48... Rg1+ 49. Kh2 R1g2+ 50. Kh1 $11 (50. Kh3 f4 $11)) (44. Rxa5 $18 {Hoping for a4.} Ne4 45. Re2 (45. Rxf5 Rxg2+ 46. Kh1 R2g4 $18)) 44... Ne4 $16 45. Re2 Ng3 46. Rf2 Ne4 47. Rc2 Ng3 (47... Rh4 $142) 48. d5 $2 (48. Rxa5 $16 {Threatens to win with Re5.} Re6 49. Re5 Rxe5 50. dxe5) 48... Re4 $11 49. Rxe4 fxe4 {[%mdl 4096] Endgame KRN-KRN} 50. Nf4 Rg4 ({Black should play} 50... Rf6 $11 51. Kf2 Rxf4+ 52. Kxg3 Kg5) 51. Ne2 $1 $14 {Black must now prevent d6.} Nf5 52. Kf2 (52. Rd2 $14 Nd6 53. Nd4) 52... Kg5 $11 53. Rc1 Kf6 54. g3 Ke5 55. Rh1 h4 56. gxh4 Nxh4 57. Rd1 $2 {[%mdl 8192]} (57. Nd4 $11 {and White stays safe.} Kxd5 58. Rh2) 57... Rg2+ $19 58. Kf1 e3 {( -> ...Rf2+)} 59. Nd4 Rf2+ 60. Kg1 {intending d6.} Rd2 ({Not} 60... Rxb2 {[#]} 61. d6 $1 $17 {[%mdl 512]}) 61. Re1 $2 (61. Rf1 {was the only chance.} Kxd5 62. Rf4) 61... Ke4 {Precision: White = 57%, Black = 56%.} 0-1

[Event "TUR-chT Superleague 2018"]
[Site "Ankara"]
[Date "2018.08.02"]
[Round "9"]
[White "Ererdem, Gani Eren"]
[Black "Dastan, Muhammed Batuhan"]
[Result "0-1"]
[WhiteElo "2157"]
[BlackElo "2552"]
[Annotator "TA"]
[PlyCount "86"]
[EventDate "2018.07.25"]
[EventType "team-tourn"]
[EventCountry "TUR"]
[SourceTitle "playchess.com"]
[Source "ChessBase"]
[SourceQuality "1"]

{[%evp 15,86,18,41,10,62,65,57,55,42,47,81,70,71,-22,-20,-27,-16,-47,-8,-50,-64,-72,-78,-72,-81,-122,-93,-92,-98,-126,-126,-143,-141,-140,-133,-149,-147,-154,-79,-165,-164,-235,-221,-211,-73,-97,-71,-111,0,-797,-770,-29980,-29981,-29981,-29982,-29982,-29983,-29979,-814,-800,-791,-787,-779,-755,-314,-325,0,-743,-721,-12839,-12832,-29989,-29990]} 1. d4 f5 2. c4 Nf6 3. Nf3 g6 4. g3 Bg7 5. Bg2 O-O 6. O-O d6 7. Nc3 c6 8. Rb1 Qe8 {LiveBook: 40 Games} 9. b3 {A88: Dutch Defence: Leningrad System: 5 Nf3 0-0 6 0-0 d6 7 Nc3 c6} (9. d5 Na6 10. b4 Nc7 11. Bb2 h6 12. dxc6 bxc6 13. c5 d5 14. Ne5 Ne4 15. Nxe4 fxe4 16. f3 Rf5 17. f4 a5 {0-1 (51) Bu,X (2705)-Nepomniachtchi,I (2767) Doha 2016}) 9... e5 $146 (9... Na6 $11) ({Predecessor:} 9... Na6 10. d5 Bd7 11. Be3 Nc7 12. Qd2 Ng4 13. Bf4 Rc8 14. Rbc1 c5 15. Rfe1 h6 16. h3 g5 17. Bxg5 hxg5 18. hxg4 fxg4 19. Nxg5 {0-1 (46) Schoehuys,E (2115)-Pruijssers,R (2502) Hilversum 2017}) 10. dxe5 $14 dxe5 11. Ba3 {White is slightly better.} Rf7 12. e4 f4 13. gxf4 Nh5 14. Ne2 (14. fxe5 $16 {Hoping for Ng5.} Nf4 15. Ne2) 14... Nxf4 $11 15. Nxf4 Rxf4 16. h3 Nd7 17. Qd2 Nf8 18. Rbd1 Bxh3 19. Bxh3 {Black must now prevent Qe3.} Rxf3 20. Bxf8 Bxf8 21. Kg2 Rf7 22. b4 {[#]} a5 $1 {[%mdl 512]} 23. a3 (23. bxa5 Bc5) 23... axb4 24. axb4 Qe7 25. c5 Rf4 26. Qe3 Qh4 (26... Qf6 $142 27. Rd7 Rb8) 27. Rd7 {[#]} (27. Qg3 $17) 27... Rg4+ $1 $19 {[%mdl 512]} 28. Kh2 {[#]} (28. Kh1 $142) (28. Bxg4 Qxg4+) 28... Bh6 $1 {[%cal Rh6e3]} ({Not} 28... Rxe4 29. Qb3+ Kh8 30. Rxb7 $17) 29. Qf3 {Intending Qf7+ and mate.} Rf4 (29... Bf4+ $19 {and Black stays clearly on top.} 30. Kh1 {[#]} Rg3 $1 {[%mdl 512]} 31. fxg3 Qxh3+ 32. Kg1 Qxd7 33. gxf4 Qd4+ 34. Kg2 Ra2+ 35. Kh1 Ra1 36. Rxa1 Qxa1+ 37. Kh2 Qb2+ 38. Kh3 Qxb4 39. fxe5 Qxc5 40. Qb3+ Kf8 41. Qxb7 Qe3+ 42. Kh2 Qf4+ 43. Kg1 Qxe5 44. Qxc6 Kg7 45. Qd7+ Kh6 46. Qh3+ Kg5 47. Qxh7 Qg3+ 48. Kf1 Qf3+ 49. Kg1 Qe3+ 50. Kh2 Qf4+ 51. Kg1 Qe3+ 52. Kh2 Qd2+ 53. Kh3 Qe3+ 54. Kh2) 30. Qg3 $17 Qf6 $36 {[%mdl 2048] Black is on the roll.} 31. Kg2 Rf8 ({Better is} 31... Rd8 $17 {And now ...Rxd7 would win.} 32. Rxb7 Kh8) 32. Rxb7 $2 {[%mdl 8192]} (32. Rd6 $11 Qg5 33. Qxg5 Bxg5 34. Rd7) 32... Rf3 $19 33. Qg4 Rxf2+ 34. Rxf2 Qxf2+ 35. Kh1 Qe1+ 36. Qg1 Qxe4+ (36... Qh4 $142 37. Qg2 Be3 38. Rb8 Rxb8 39. Qf3 Bd4 40. Qg4 Qf2 41. Qg2 Qe1+ 42. Qf1 Qxe4+ 43. Qg2 Qe1+ 44. Qf1 Qh4 45. Qf3 Rxb4 46. Kg2 Qg5+ 47. Bg4 h5 48. Qe4 Bxc5 49. Qxb4 Bxb4 50. Kf1 hxg4 51. Kf2 Qf4+ 52. Kg2 Bc5 53. Kh1 Qh6+ 54. Kg2 Qh3#) 37. Bg2 Qe2 38. Qh2 Qe1+ 39. Qg1 Qh4+ (39... Qc3 $142 40. Qb1 Qg3) 40. Qh2 Qe1+ $2 (40... Qg5 41. b5 Rd8) 41. Qg1 Qd2 42. Qb1 Kh8 {( -> ...Rf5)} 43. Qa1 Qe2 {Precision: White = 28%, Black = 54%.} 0-1

[Event "TUR-chT Superleague 2018"]
[Site "Ankara"]
[Date "2018.08.02"]
[Round "9"]
[White "Caglar, Ahmet Ata"]
[Black "Erdogan, Anil Berk"]
[Result "1/2-1/2"]
[WhiteElo "2076"]
[BlackElo "2055"]
[Annotator "NA"]
[PlyCount "168"]
[EventDate "2018.07.25"]
[EventType "team-tourn"]
[EventCountry "TUR"]
[SourceTitle "playchess.com"]
[Source "ChessBase"]
[SourceQuality "1"]
[TimeControl "40/5400+30:1800+30"]

1. d4 {[%emt 0:00:30]} Nf6 {[%emt 0:00:30]} 2. c4 {[%emt 0:00:30]} c5 {[%emt 0:00:30]} 3. d5 {[%emt 0:00:30]} e6 {[%emt 0:00:30]} 4. Nc3 {[%emt 0:00:30]} exd5 {[%emt 0:00:30]} 5. cxd5 {[%emt 0:00:30]} d6 {[%emt 0:00:30]} 6. e4 {[%emt 0:00:30]} g6 {[%emt 0:00:30]} 7. h3 {[%emt 0:00:00]} Bg7 {[%emt 0:00:00]} 8. Nf3 {[%emt 0:00:00]} O-O {[%emt 0:00:00]} 9. Bd3 {[%emt 0:00:00]} b5 {[%emt 0:00:00]} 10. Nxb5 {[%emt 0:00:00]} Nxe4 {[%emt 0:00:00]} 11. Bxe4 {[%emt 0:00:00]} Re8 {[%emt 0:00:00]} 12. Ng5 {[%emt 0:00:00]} h6 {[%emt 0:34:00]} 13. Ne6 {[%emt 0:09:30]} Qa5+ {[%emt 0:15:30]} 14. Nc3 {[%emt 0:00:30]} Bxc3+ {[%emt 0:00:30]} 15. bxc3 {[%emt 0:00:30]} Qxc3+ {[%emt 0:00:30]} 16. Bd2 {[%emt 0:00:00]} Qc4 {[%emt 0:00:00]} 17. Qc2 {[%emt 0:05:00]} Qxc2 {[%emt 0:07:00]} 18. Bxc2 {[%emt 0:00:30]} Kh7 {[%emt 0:01:30]} 19. O-O {[%emt 0:02:30]} fxe6 {[%emt 0:00:30]} 20. dxe6 {[%emt 0:00:30]} Bxe6 {[%emt 0:00:30]} 21. Rab1 {[%emt 0:04:30]} Nd7 {[%emt 0:09:30]} 22. Bf4 {[%emt 0:04:30]} d5 {[%emt 0:03:30]} 23. Rb7 {[%emt 0:00:30]} Kg7 {[%emt 0:06:28]} 24. Ba4 {[%emt 0:13:30]} Re7 {[%emt 0:01:32]} 25. Re1 {[%emt 0:00:30]} Kf6 {[%emt 0:02:06]} 26. Bd6 {[%emt 0:07:30]} Rf7 {[%emt 0:00:41]} 27. Rb3 {[%emt 0:00:30]} Nb6 {[%emt 0:03:41]} 28. Bc6 {[%emt 0:03:30]} Rc8 {[%emt 0:02:54]} 29. Rf3+ {[%emt 0:01:30]} Bf5 {[%emt 0:00:07]} 30. Be8 {[%emt 0:01:30]} Rb7 {[%emt 0:03:21]} 31. g4 {[%emt 0:00:30]} Nc4 {[%emt 0:00:02]} 32. gxf5 {[%emt 0:17:30]} Nxd6 {[%emt 0:00:06]} 33. Re6+ {[%emt 0:00:30]} Kg7 {[%emt 0:00:30]} 34. Rxg6+ {[%emt 0:08:30]} Kh7 {[%emt 0:01:36]} 35. Rxd6 {[%emt 0:00:30]} Rxe8 {[%emt 0:00:30]} 36. Rxd5 {[%emt 0:00:30]} Rc8 {[%emt 0:02:08]} 37. Rc3 {[%emt 0:01:27]} Rg8+ {[%emt 0:02:13]} 38. Kf1 {[%emt 0:03:06]} Rb1+ {[%emt 0:02:49]} 39. Ke2 {[%emt 0:00:06]} Rb2+ {[%emt 0:00:26]} 40. Rd2 {[%emt 0:00:00]} Re8+ {[%emt 0:00:00]} 41. Re3 {[%emt 0:04:51]} Reb8 {[%emt 0:12:20]} 42. Re7+ {[%emt 0:03:30]} Kg8 {[%emt 0:00:30]} 43. Rxa7 {[%emt 0:00:30]} c4 {[%emt 0:01:53]} 44. Rc7 {[%emt 0:00:30]} Rxd2+ {[%emt 0:00:21]} 45. Kxd2 {[%emt 0:00:30]} Rb2+ {[%emt 0:00:30]} 46. Ke3 {[%emt 0:00:30]} Rxa2 {[%emt 0:00:30]} 47. Rxc4 {[%emt 0:00:30]} Ra3+ {[%emt 0:00:25]} 48. Kf4 {[%emt 0:00:30]} Rxh3 {[%emt 0:07:05]} 49. Ke5 {[%emt 0:01:30]} Ra3 {[%emt 0:00:15]} 50. Rc8+ {[%emt 0:05:30]} Kf7 {[%emt 0:01:53]} 51. Rc7+ {[%emt 0:00:00]} Kf8 {[%emt 0:00:40]} 52. Rc6 {[%emt 0:00:00]} Kf7 {[%emt 0:06:04]} 53. Rxh6 {[%emt 0:01:30]} Ra5+ {[%emt 0:00:02]} 54. Kf4 {[%emt 0:00:30]} Ra1 {[%emt 0:00:01]} 55. Re6 {[%emt 0:02:30]} Rb1 {[%emt 0:01:04]} 56. Re4 {[%emt 0:02:30]} Kf6 {[%emt 0:00:30]} 57. Ra4 {[%emt 0:00:00]} Rc1 {[%emt 0:00:00]} 58. Ra6+ {[%emt 0:01:00]} Kf7 {[%emt 0:00:00]} 59. Rd6 {[%emt 0:01:30]} Ra1 {[%emt 0:00:45]} 60. Rg6 {[%emt 0:02:30]} Rb1 {[%emt 0:00:16]} 61. Re6 {[%emt 0:07:54]} Ra1 {[%emt 0:00:32]} 62. f3 {[%emt 0:03:35]} Rb1 {[%emt 0:01:17]} 63. Ra6 {[%emt 0:02:52]} Rc1 {[%emt 0:00:26]} 64. Kg4 {[%emt 0:01:05]} Rg1+ {[%emt 0:01:37]} 65. Kf4 {[%emt 0:00:30]} Rb1 {[%emt 0:00:00]} 66. Kg3 {[%emt 0:00:25]} Rg1+ {[%emt 0:00:25]} 67. Kf4 {[%emt 0:00:31]} Rb1 {[%emt 0:00:18]} 68. Ra4 {[%emt 0:00:28]} Kf6 {[%emt 0:00:14]} 69. Rc4 {[%emt 0:00:50]} Ra1 {[%emt 0:00:07]} 70. Rc6+ {[%emt 0:00:30]} Kf7 {[%emt 0:00:03]} 71. f6 {[%emt 0:01:08]} Ra5 {[%emt 0:02:10]} 72. Kg4 {[%emt 0:00:12]} Rb5 {[%emt 0:00:22]} 73. Ra6 {[%emt 0:00:30]} Rc5 {[%emt 0:00:00]} 74. f4 {[%emt 0:00:00]} Rb5 {[%emt 0:00:22]} 75. Kf3 {[%emt 0:01:33]} Rb3+ {[%emt 0:01:17]} 76. Ke4 {[%emt 0:00:47]} Rb4+ {[%emt 0:00:01]} 77. Kf5 {[%emt 0:00:35]} Rb5+ {[%emt 0:00:01]} 78. Kg4 {[%emt 0:00:14]} Rc5 {[%emt 0:00:24]} 79. Ra8 {[%emt 0:07:54]} Kxf6 {[%emt 0:01:32]} 80. Rf8+ {[%emt 0:01:48]} Kg7 {[%emt 0:00:15]} 81. Re8 {[%emt 0:01:20]} Kf6 {[%emt 0:00:25]} 82. Ra8 {[%emt 0:00:37]} Rb5 {[%emt 0:00:32]} 83. Ra6+ {[%emt 0:00:22]} Kf7 {[%emt 0:00:25]} 84. f5 {[%emt 0:01:38]} Rb1 {[%emt 0:00:10]} 1/2-1/2

[Event "TUR-chT Superleague 2018"]
[Site "Ankara"]
[Date "2018.08.02"]
[Round "9"]
[White "Zeydan, Salih"]
[Black "Korkmaz, Necmettin"]
[Result "1-0"]
[WhiteElo "2061"]
[BlackElo "2056"]
[Annotator "NA"]
[PlyCount "65"]
[EventDate "2018.07.25"]
[EventType "team-tourn"]
[EventCountry "TUR"]
[SourceTitle "playchess.com"]
[Source "ChessBase"]
[SourceQuality "1"]
[TimeControl "40/5400+30:1800+30"]

1. e4 {[%emt 0:00:30]} e6 {[%emt 0:00:30]} 2. d4 {[%emt 0:00:30]} d5 {[%emt 0:00:30]} 3. Nd2 {[%emt 0:00:30]} dxe4 {[%emt 0:01:30]} 4. Nxe4 {[%emt 0:03:30]} Nd7 {[%emt 0:00:30]} 5. Nf3 {[%emt 0:05:30]} Ngf6 {[%emt 0:00:00]} 6. Ng3 {[%emt 0:01:30]} c5 {[%emt 0:16:00]} 7. c3 {[%emt 0:03:30]} cxd4 {[%emt 0:07:30]} 8. Nxd4 {[%emt 0:00:30]} Bc5 {[%emt 0:02:30]} 9. Bc4 {[%emt 0:07:30]} O-O {[%emt 0:04:30]} 10. O-O {[%emt 0:03:30]} Nb6 {[%emt 0:04:30]} 11. Bb3 $11 {[%emt 0:09:30]} Bxd4 {[%emt 0:01:30]} 12. cxd4 {[%emt 0:00:30]} Bd7 {[%emt 0:00:30]} 13. f4 {[%emt 0:15:30]} Bb5 {[%emt 0:13:30]} 14. Rf2 {[%emt 0:06:30]} Bc4 {[%emt 0:08:30]} 15. Bc2 {[%emt 0:05:30]} Nfd5 {[%emt 0:18:21]} 16. f5 {[%emt 0:02:30]} Nb4 {[%emt 0:02:13]} 17. Bb1 {[%emt 0:02:30]} e5 {[%emt 0:00:52]} 18. f6 {[%emt 0:02:30]} g6 {[%emt 0:02:07]} 19. Qd2 {[%emt 0:01:30]} N4d5 {[%emt 0:03:09]} 20. dxe5 {[%emt 0:08:03]} Kh8 {[%emt 0:02:23]} 21. b3 {[%emt 0:13:26]} Ba6 {[%emt 0:00:18]} 22. Qh6 {[%emt 0:01:34]} Rg8 {[%emt 0:00:06]} 23. e6 {[%emt 0:00:18]} Qf8 {[%emt 0:03:00]} 24. Qh4 {[%emt 0:02:35]} Qc5 {[%emt 0:02:53]} 25. Bb2 {[%emt 0:01:14]} Rae8 {[%emt 0:00:28]} 26. Bf5 {[%emt 0:01:06]} Ref8 {[%emt 0:03:34]} 27. exf7 {[%emt 0:00:31]} Rxf7 {[%emt 0:00:33]} 28. Be6 {[%emt 0:00:27]} Rgf8 {[%emt 0:01:18]} 29. Bxf7 {[%emt 0:01:33]} Rxf7 {[%emt 0:00:30]} 30. Ne4 {[%emt 0:00:05]} Qe3 {[%emt 0:00:42]} 31. Nd6 {[%emt 0:00:33]} Qe6 {[%emt 0:00:58]} 32. Nxf7+ {[%emt 0:00:30]} Qxf7 {[%emt 0:00:00]} 33. Re1 {[%emt 0:00:00]} 1-0